Bilecik Bilecik Bilecik Bilecik Bilecik

Uluslararası ilişkilerin ekonomi politiği = (Record no. 43713)

MARC details
000 -BAŞLIK
Sabit Uzunluktaki Kontrol Alanı 01384nam a22003857a 4500
001 - KONTROL NUMARASI
Control Dosyası 0043905
003 - KONTROL NUMARASI KİMLİĞİ
Kontrol Alanı KOHA_MİRAKIL
005 - EN SON İŞLEM TARİHİ ve ZAMANI
Kontrol Alanı 20260207003406.0
007 - FİZİKSEL TANIM SABİT ALAN - GENEL BİLGİ
Sabit uzunluklu kontrol alanı ta
008 - SABİT UZUNLUKTAKİ VERİ ÖGELERİ - GENEL BİLGİ
Sabit Alan 130730b2012 tu |||gr||||#||||0|tur |
020 ## - ISBN - ULUSLARARASI STANDART KİTAP NUMARASI
Isbn 9786054125579
040 ## - KATALOGLAMA KAYNAĞI
Özgün Kataloglama Kurumu TR-BiSEU
Kataloglama Dili tur
Çeviri Kurumu TR-BiSEU
Açıklama Kuralları rda
041 0# - DİL KODU
Metin ya da ses kaydının dil kodu tur
044 ## - YAYINLAYAN/ÜRETEN KURULUŞUN ÜLKE KODU
ISO country code tu
050 ## - SINIFLAMA ve YER NUMARASI
Sınıflama Numarası HF1411
Yer Numarası .G55 2012
100 1# - KİŞİ ADI
Yazar Adı (Kişi adı) Gilpin, Robert.
240 10 - TEK BİÇİM BAŞLIK
Tekbiçim Başlık <a href="The political economy of internatiionnal relations">The political economy of internatiionnal relations</a>
Language of a work Türkçe
245 1# - ESER ADI BİLDİRİMİ
Başlık Uluslararası ilişkilerin ekonomi politiği =
Alt Eseradı vb. The political economy of internatiionnal relations/
Sorumluluk Bildirimi Robert Gilpin ; Robert Gilpin ; Jean M. Gilpin'in asistanlığıyla ; Tercüme edenler: Murat Duran, Selçuk Oktay.
264 #1 - ÜRERİM, YAYIN, DAĞITIM ve TELİF BİLDİRİMİ
Yayın yeri Ankara :
Yayınlayan Kripto
Yayın tarihi 2012
300 ## - FİZİKSEL TANIMLAMA
Sayfa, Cilt vb. 511 sayfa ;
Boyutları 21 cm.
336 ## - İÇERİK TÜRÜ
Content type term metin
Content type code txt
Source rdacontent
337 ## - MEDYA TÜRÜ
Media type term aracısız
Media type code n
Source rdamedia
338 ## - TAŞIYICI TÜRÜ
Carrier type term cilt
Carrier type code nc
Source rdacarrier
490 1# - DİZİ BİLDİRİMİ
Dizi Bildirimi Genel yayın no ;
Cilt Numarası 56.
490 1# - DİZİ BİLDİRİMİ
Dizi Bildirimi Araştırma&İnceleme ;
Cilt Numarası 44.
650 #0 - KONU BAŞLIĞI EK GİRİŞ - KONU TERİMİ
Konusal terim veya coğrafi ad Uluslararası ekonomik ilişkiler.
9 (RLIN) 5139
650 #0 - KONU BAŞLIĞI EK GİRİŞ - KONU TERİMİ
Konusal terim veya coğrafi ad International economic relations.
9 (RLIN) 3539
650 #0 - KONU BAŞLIĞI EK GİRİŞ - KONU TERİMİ
Konusal terim veya coğrafi ad Ticaret politikası.
9 (RLIN) 7611
650 #0 - KONU BAŞLIĞI EK GİRİŞ - KONU TERİMİ
Konusal terim veya coğrafi ad Commercial policy.
9 (RLIN) 12028
650 #0 - KONU BAŞLIĞI EK GİRİŞ - KONU TERİMİ
Konusal terim veya coğrafi ad Uluslararası maliye.
9 (RLIN) 5140
650 #0 - KONU BAŞLIĞI EK GİRİŞ - KONU TERİMİ
Konusal terim veya coğrafi ad International finance.
9 (RLIN) 5141
830 1# - SERİ EK GİRİŞİ - TEKBİÇİM ESER ADI
Tekbiçim Başlık Genel yayın no ;
Volume number/sequential designation 56.
9 (RLIN) 9047
830 1# - SERİ EK GİRİŞİ - TEKBİÇİM ESER ADI
Tekbiçim Başlık Araştırma&İnceleme ;
Volume number/sequential designation 44.
9 (RLIN) 81865
942 ## - EK GİRİŞ ÖGELERİ (KOHA)
Source of classification or shelving scheme Library of Congress Classification
Koha item type Book
Holdings
Materyal Türü Kalıcı Konum Mevcut Konum Raf Yeri Sınıflandırma Kaynağı Edinim Bilgisi Ana Konular Alt Konular Yer Numarası Demirbaş Numarası Fatura Tarihi Maliyet, Alış Fiyatı Maliyet, Yenileme Fiyatı Geri Çekilme Durumu Kayıp Durumu Hasarlı Durumu Kredi için değil Kayıt Tarih Toplam Ödünçverme Son Görülme Tarihi Son Kontrol Tarihi Satın Alma Notu
Book Prof. Dr. Azmi Özcan Kütüphanesi Prof. Dr. Azmi Özcan Kütüphanesi Uluğbey Salonu Library of Congress Classification Satın SOSYAL BİLİMLER Ticaret HF1411 .G55 2012 0043905 24/09/2013 14.17 14.17         30/07/2013 7 05/12/2024 05/12/2024 73291-73383 (92 sayfa)